000 00688nam a2200253Ia 4500
003 OSt
005 20220924132432.0
006 a|||||r|||| 00| 0
007 ta
008 220923b |||||||| |||| 00| 0 hin d
024 _a55433
037 _cTextual
040 _aARTS
_cARTS
_bhin
041 _2hin
_ahin
082 _aP15,Cx194,1, 152M1
100 _aNagesa Bhatta
245 0 _aParibhasendu sekhara with Hindi comm by Srinarayana Misra
260 _c1981
300 _a14,279p.
_ccm.
490 _aChaukhambha Prachyavidya series; 15
650 _aLINGUISTICS
942 _hP15,Cx194,1, 152M1
_cTEXL
_2CC
999 _c430298
_d430298